00947cam a2200241 a 4500001000500000005001700005020001800022040002300040050002200063082001000085100002400095245010000119250003500219260003900254300004700293490001600340505000800356520024000364521002000604521002000624650002300644700003800667382520240515132836.0 a9780789453914 aDLCcDLCdDLCbeng00aPZ8.1.B8715b200000a398.21 aBull, Angelad1936-10aRobin Hood :bthe tale of the great outlaw hero /cby Angela Bull ; illustrated by Nick Harris. aFirst American Edition , 2000  aNew York :bDK Publishing ; c2000 a48 pages : bcolor illustrations ;c24 cm. aDK Readers  aR  aRecounts the life and adventures of Robin Hood, who, with his band of followers, lived as an outlaw in Sherwood Forest dedicated to fighting tyranny. Illustrated notes throughout the text explain the historical background of the story. a710 bLexile  aR bRaz-Plus  1aFolklorezEngland.1 aHarris, Nickd1958-eillustrator